| 000 -LEADER |
| fixed length control field |
01584nam a2200349 i 4500 |
| 001 - CONTROL NUMBER |
| control field |
vtls004373896 |
| 003 - CONTROL NUMBER IDENTIFIER |
| control field |
NUKAT |
| 005 - DATE AND TIME OF LATEST TRANSACTION |
| control field |
20181218104115.0 |
| 008 - FIXED-LENGTH DATA ELEMENTS--GENERAL INFORMATION |
| fixed length control field |
180716s1960 fr a g e |000 0 fre c |
| 035 ## - SYSTEM CONTROL NUMBER |
| System control number |
xx004373896 |
| 039 #9 - LEVEL OF BIBLIOGRAPHIC CONTROL AND CODING DETAIL [OBSOLETE] |
| Level of rules in bibliographic description |
201807200118 |
| Level of effort used to assign nonsubject heading access points |
VLOAD |
| Level of effort used to assign subject headings |
201807191425 |
| Level of effort used to assign classification |
qlb |
| Level of effort used to assign subject headings |
201807181002 |
| Level of effort used to assign classification |
vugd |
| Level of effort used to assign subject headings |
201807170929 |
| Level of effort used to assign classification |
vugd |
| 040 ## - CATALOGING SOURCE |
| Original cataloging agency |
GD U/MGR |
| Language of cataloging |
pol |
| Description conventions |
rda |
| Transcribing agency |
GD U/MGRs |
| 245 00 - TITLE STATEMENT |
| Title |
Petit Larousse : |
| Remainder of title |
73000 articles, 5130 illustratins en noir, 114 cartes en noir, 48 pages en couleurs dont 20 hors-texte cartographiques, et un atlas en couleurs à la fin de l'ouvrage / |
| Statement of responsibility, etc |
direction de l'ouvrage Étienne Gillon, Jacques Hollier-Larousse, Jean Ibos-Augé, Claude Moreau, Jean-Louis Moreau. |
| 246 16 - VARYING FORM OF TITLE |
| Title proper/short title |
Dictionnaire encyclopédique pour tous |
| 250 ## - EDITION STATEMENT |
| Edition statement |
4e tirage. |
| 260 ## - PUBLICATION, DISTRIBUTION, ETC. (IMPRINT) |
| Place of publication, distribution, etc |
Paris : |
| Name of publisher, distributor, etc |
Librairie Larousse, |
| Date of publication, distribution, etc |
1960. |
| 300 ## - PHYSICAL DESCRIPTION |
| Extent |
[8], 1795, [12], XVI stron, [60] stron tablic : |
| Other physical details |
ilustracje ; |
| Dimensions |
21 cm. |
| 500 ## - GENERAL NOTE |
| General note |
Nazwiska redaktorów ze strony [8]. |
| 500 ## - GENERAL NOTE |
| General note |
Na stronie tytułowej: "Je sème à tout vent". |
| 504 ## - BIBLIOGRAPHY, ETC. NOTE |
| Bibliography, etc |
Bibligrafia na stronach [1801-1808]. |
| 655 ## - INDEX TERM--GENRE/FORM |
| Genre/form data or focus term |
Encyklopedie i słowniki francuskie. |
| 700 1# - ADDED ENTRY--PERSONAL NAME |
| Personal name |
Gillon, Étienne. |
| Relator term |
Redaktor |
| 700 1# - ADDED ENTRY--PERSONAL NAME |
| Personal name |
Hollier-Larousse, Jacques P. |
| Relator term |
Redaktor |
| 700 1# - ADDED ENTRY--PERSONAL NAME |
| Personal name |
Ibos-Augé, Jean |
| Dates associated with a name |
(1907-1990). |
| Relator term |
Redaktor |
| 700 1# - ADDED ENTRY--PERSONAL NAME |
| Personal name |
Moreau, Claude. |
| Relator term |
Redaktor |
| 700 1# - ADDED ENTRY--PERSONAL NAME |
| Personal name |
Moreau, Jean-Louis |
| Dates associated with a name |
(1916- ). |
| Relator term |
Redaktor |
| 710 2# - ADDED ENTRY--CORPORATE NAME |
| Corporate name or jurisdiction name as entry element |
Larousse. |
| Relator term |
Wydawca |
| Relator code |
pbl |
| 942 ## - ADDED ENTRY ELEMENTS (KOHA) |
| Source of classification or shelving scheme |
|
| Koha item type |
Książki |
| 960 ## - PHYSICAL LOCATION (RLIN) |
| Physical location, PLOC (RLIN) |
GD_U |